MARC details
| 000 -LÍDER |
| campo de controle de tamanho fixo |
01252nam a22003137a 4500 |
| 001 - NÚMERO DE CONTROLE |
| campo de controle |
BR2010003559 |
| 003 - IDENTIFICADOR DO NÚMERO DE CONTROLE |
| campo de controle |
BR-BrBNA |
| 005 - DATA E HORÁRIO DA ÚLTIMA TRANSAÇÃO |
| campo de controle |
20230928103519.0 |
| 007 - CAMPO FIXO DE DESCRIÇÃO FÍSICA--INFORMAÇÃO GERAL |
| campo de controle de tamanho fixo |
ta |
| 008 - CAMPO DE DADOS FIXOS--INFORMAÇÃO GERAL |
| campo de controle de tamanho fixo |
230509b bl.||||| |||| 00| 0 por d |
| 040 ## - FONTE DA CATALOGAÇÃO |
| Instituição da catalogação original |
BR-BrBNA |
| Idioma da catalogação |
por |
| Instituição que transcreveu o registro |
Biblioteca Nacional de Agricultura |
| 041 ## - CÓDIGO DE IDIOMA |
| Código do idioma do texto/trilha sonora ou título diferente |
(Por) |
| 072 ## - CÓDIGO DE CATEGORIA DE ASSUNTO |
| Código de Categoria de Assunto |
P35; P34 |
| 090 ## - NÚMERO DE CHAMADA LOCAL |
| -- |
P35 BR2010003559 |
| 110 1# - ENTRADA PRINCIPAL--NOME CORPORATIVO |
| Nome corporativo ou nome da jurisdição |
Sociedade Brasileira de Ciência, Santa Maria, RS (Brasil) |
| 9 (RLIN) |
9665 |
| 110 1# - ENTRADA PRINCIPAL--NOME CORPORATIVO |
| Nome corporativo ou nome da jurisdição |
Sociedade Brasileira de Microbiologia, Santa Maria, RS (Brasil) |
| 110 1# - ENTRADA PRINCIPAL--NOME CORPORATIVO |
| Nome corporativo ou nome da jurisdição |
Universidade Federal Rural do Rio de Janeiro, RJ (Brasil) |
| 9 (RLIN) |
11244 |
| 111 1# - ENTRADA PRINCIPAL--NOME DO EVENTO |
| Nome do evento ou lugar |
25. Reunião Brasileira de Fertilidade do Solo e nutrição de Plantas9. Reunião Brasileira Sobre Micorrizas7. Simpósio Brasileiro de Microbiologia do Solo 4. Reunião Brasileira de Biologia do Solo |
| Local do evento |
Rio de Janeiro, RJ (Brazil) |
| Data do evento ou assinatura do tratado |
8-13 Sep 2002 |
| 245 1# - TÍTULO |
| Título |
Agricultura: bases ecológicas para o desenolvimento social e econômico sustentado |
| 260 3# - PUBLICAÇÃO, DISTRIBUIÇÃO, ETC. |
| Local de publicação, distribuição, etc. |
Rio de Janeiro, RJ (Brasil): |
| Data da publicação, distribuição, etc. |
2002. |
| 300 ## - DESCRIÇÃO FÍSICA |
| Extensão |
201 p. |
| 650 ## - ASSUNTO--TERMO TÓPICO |
| Cabeçalho tópico ou nome geográfico |
FERTILIDADE DO SOLO |
| 650 ## - ASSUNTO--TERMO TÓPICO |
| Cabeçalho tópico ou nome geográfico |
NUTRIÇÃO VEGETAL |
| 650 ## - ASSUNTO--TERMO TÓPICO |
| Cabeçalho tópico ou nome geográfico |
MICORRIZA |
| 650 ## - ASSUNTO--TERMO TÓPICO |
| Cabeçalho tópico ou nome geográfico |
MICROBIOLOGIA DO SOLO |
| 650 ## - ASSUNTO--TERMO TÓPICO |
| Cabeçalho tópico ou nome geográfico |
BIOLOGIA DO SOLO |
| 909 ## - |
| -- |
202309 |
| -- |
Lucia |
| -- |
55 |
| -- |
Lucia Elande |
| 942 ## - ELEMENTOS DE ENTRADA ADICIONADOS (KOHA) |
| Tipo de material Koha |
Livros |